00647nam a22001937a 4500003000900000008004100009020002200050040007100072082002300143100002000166245002400186260005300210300004300263440004000306650002400346650002300370650002500393700003500418AR-CdUCM190424b ||||| |||| 00| 0 spa d a978-968-16-3653-1 aMUNICIPALIDAD PROVINCIAL DEL CUSCOcBIBLIOTECA MUNICIPAL DEL CUSCO aPI / 808.06 /bB84 aBrowne, Anthony aWilly el tímido / aMéxico :bFondo de Cultura Económica,c2000. a39 páginas ;bilustraciones,c22 cm. aColección A la orilla del Viento. aLiteratura infantil aCuentos infantiles aAprendizaje infantil aEsteva, Carmen (traducción)